00743 2200265 4500001002100000005001700021008004100038035002400079082001200103090002300115100001800138245011100156260004600267300001300313440002500326500001100351650001000362700001900372700002100391850002100412980001400433985000600447986000900453999001500462YOGYA-0209000004296920090227025922.0 ind  0010-020900000042969 a629.892 a629.892bHaw RlQT aHAWKES, Nigel aRobot dan komputercNigel Hawkes ; tim penerjemah, Sofyan Tsauri ...[et al] ; penyunting, Tony S. Rahmadie aJakartabGrolier International, Incc1986 a6a29 hlm aRevolusi elektronika aIndeks aRobot aTsauri, Sofyan aRahmadie, Tony S aYOPDYOG [TRM 29] a25-8-2007 a1 aRuni a07A0025251